000 01351nam a22003017a 4500
001 000721
003 DO-SdBPM
005 20260113132129.0
007 ta
008 161107b2011 mx a ||||| |||| 00| 0 spa d
020 _a9789870412595
040 _aDO-SdBPM
_bspa
_cBPMSU
_erda
082 4 _a808.83
_bG154s 2011
_222
245 1 0 _aGalería de seres espantosos :
_bantología /
_cOche Califa...[et.al] ; ilustraciones de O'Kif-MG.
250 _a
264 _aMéxico :
_bAlfaguara,
_c2011
300 _a147 páginas :
_bil.ustraciones ;
_c20 cm.
336 _atexto
_btxt
_2rdacontent
337 _asin mediación
_bn
_2rdamedia
338 _avolumen
_bnc
_2rdacarrier
490 0 _aAlfaguara Juvenil
505 0 _tLos gnomos y el gigante sentimental --
_rCalifa, Oche.
_tEl fantasma del cañaveral --
_r Falbo, Graciela.
_tQué bestias --
_rKeselman, Gabriela.
_t El colectivo fantasma --
_rMariño, Ricardo.
_t El gigante solitario --
_rMéndez, Mario.
_tEl vampiro negro --
_rPérez Aguilar, Graciela.
_tEl banquete --
_rPescetti, Luis María.
_tEl duende --
_rRoldán Laura.
_tEl Mostruo Deforme baja al pueblo --
_rValentino, Esteban.
590 _aInventariado, 2026/VM
650 7 _aCuentos de terror
_vColecciones
700 1 _aO'Kif-MG,
_d1955-
_eilustraciones
910 _aVMateo V. Control de calidad. BPMSU
942 _2ddc
_cBK
999 _c12000
_d12000